U.S. Cities by Letter - L (Map Quiz) - Statistics

General Stats
  • This quiz has been taken 1,047 times
  • The average score is 13 of 18
Answers on the Map
Answers color-coded by a green-red scale on the quiz's map according to % correct below.
 
Answer Stats
Answer % Correct
Los Angeles
98%
Las Vegas
97%
Little Rock
93%
Lansing
88%
Lincoln
87%
Las Cruces
80%
Lexington
76%
Lafayette
75%
Laredo
74%
Louisville
74%
Lubbock
66%
Lynchburg
66%
Lakeland
65%
Lake Havasu City
63%
Laramie
62%
La Crosse
60%
Logan
54%
Lake Charles
43%
No matching quizzes found
Score Distribution
Percent of People with Each Score
Percentile by Number Answered
Your Score History
You have not taken this quiz